|
|
|
|
| LEADER |
00000nam a2200000 a 4500 |
| 001 |
vtls001074623 |
| 003 |
SK-MaSNL |
| 005 |
20260302063917.0 |
| 008 |
250414s1994 xo slo |
| 015 |
|
|
|a SNBA1994/04
|
| 020 |
|
|
|a 8022305391
|
| 035 |
|
|
|a SNK000017455
|
| 035 |
|
|
|a urn:nbn:sk:snk-amlim3
|
| 035 |
|
|
|a urn:nbn:sk:snk-am00bn6q
|
| 035 |
|
|
|a 2C98AB2E-5C29-4110-BA90-D8E66B0C77B2
|
| 040 |
|
|
|a SNK
|b slo
|c SNK
|e AACR2
|
| 041 |
0 |
|
|a slo
|
| 044 |
|
|
|a xo
|c SK
|
| 080 |
|
|
|a 531/534+539.1(075.8)(076.5)
|2 1981
|
| 080 |
|
|
|a 539.1
|2 1981
|
| 100 |
1 |
|
|a Zrubáková, Nadežda
|4 aut
|9 279964
|
| 245 |
1 |
0 |
|a Praktikum z mechaniky a molekulovej fyziky
|c Nadežda Zrubáková, Elena Brežná, Božena Pisoňová
|
| 250 |
|
|
|a 1. vyd.
|
| 260 |
|
|
|a Bratislava
|b Univerzita Komenského
|c 1994
|e Bratislava
|f Polygrafické stredisko UK
|
| 300 |
|
|
|a 167 s., 8,78 AH, 9,21 VH
|b Fotogr., grafy, sch., tab., lit. 84 zázn. v češ., nem., ruš. a slov.
|c 29 cm
|
| 366 |
|
|
|e 400 výt.
|
| 500 |
|
|
|a Vysokoškolské skriptá
|
| 655 |
|
7 |
|a učebnice vysokých škôl
|2 SNKPH
|9 70191
|
| 700 |
1 |
|
|a Brežná, Elena,
|d 1942-
|4 aut
|9 39948
|
| 700 |
1 |
|
|a Pisoňová, Božena
|4 aut
|9 39955
|
| 852 |
|
|
|a Slovenská národná knižnica
|
| 919 |
|
|
|a 80-223-0539-1
|
| 954 |
|
|
|a mechanika
|a fyzika molekulová
|
| 958 |
0 |
7 |
|a RM
|
| 958 |
0 |
7 |
|a NB
|
| 958 |
0 |
7 |
|a UV
|
| 999 |
|
|
|c 1134721
|d 1136651
|
| 952 |
|
|
|t P60, <04>, [BOOK], {604}
|a SNK
|b SNK
|y VYP
|7 0
|p 17A0082398
|o snkSB 52319 D1
|0 0
|1 0
|4 0
|d 1997-07-16
|l 0
|r 2004-12-31 00:00:00
|w 2026-02-24
|
| 952 |
|
|
|a SNK
|b SNK
|y PREZ
|7 0
|p 17A0905205
|o snkSB 52319
|0 0
|1 0
|4 0
|d 2012-08-09
|f 1
|l 0
|r 2025-03-14 00:00:00
|w 2026-02-24
|